Top 3 najczęstszych zdobywców pucharu ligi z danego kraju #1 - Statystyki

Ogólne statystyki
  • Ten quiz został rozwiązany 107 razy
  • Średni wynik to 11 z 24
Statystyki odpowiedzi
Kraj Kluby ilość wygranych lig % Poprawnych

Anglia

Manchester United 20
97%
Anglia Liverpool 19
96%
Anglia Arsenal 13
95%
Turcja Galatasaray 23
79%

Belgia

Anderlecht 34
76%
Turcja Besiktas 21
69%
Belgia Club Brugge 18
68%
Argentyna Boca Juniors 34
61%

Serbia

Red Star Belgrad(Crvena Zvezda) 34
61%

Argentyna

River Plate 37
55%
Serbia Partizan Belgrad 27
54%

Turcja

Fenerbahce 28
53%

Izrael

Maccabi Tel Aviv 24
38%
Izrael Hapoel Tel Aviv 13
33%
Rumunia CFR Cluj 8
29%
Izrael Maccabi Haifa 14
24%

Rumunia

Steua Bucarest 21
20%
Rumunia Dinamo Bucarest 18
15%
Argentyna Racing 18
11%
Serbia BSK Belgrad 5
9%
Japonia Kashima Antlers 8
5%

Japonia

Sanfrecce Hiroshima 8
3%
Belgia Union Saint-Gilloise 11
2%
Japonia Tokyo Verdy 7
0%
Nie znaleziono quizów pasujących do podanych kryteriów
Rozkład punktacji
Procent ludzi z każdym wynikiem
Percentyl według liczby udzielonych odpowiedzi
Twoja historia wyników
Nie rozwiązałeś tego quizu